| 000 | 00305nam a22000977a 4500 | ||
|---|---|---|---|
| 999 |
_c526718 _d526718 |
||
| 082 | _aSNT OA55x5414 W528 | ||
| 100 |
_aWeston, Michael and Tandon, Rekha _946278 |
||
| 245 |
_aOdissi: A dance of Sculpture _bBy Weston, Michael and Tandon, Rekha |
||
| 260 |
_aNew Delhi _bThe Kai Trust _c2012 |
||
| 300 | _a125p | ||